[Event "Bucharest Super Rapid op"]
[Site "Bucharest"]
[Date "2022.04.30"]
[Round "1"]
[White "Parpalac, Vadim"]
[Black "Ignatescu, Radu Mihai"]
[Result "0-1"]
[WhiteElo "1652"]
[BlackElo "2294"]
[PlyCount "70"]
[EventDate "2022.04.30"]
[EventType "swiss (rapid)"]
[EventRounds "10"]
[EventCountry "ROU"]
[SourceTitle "CBM 208 Extra"]
[Source "ChessBase"]
[SourceDate "2022.07.31"]
[SourceVersion "1"]
[SourceVersionDate "2022.07.31"]
[SourceQuality "1"]

1. d4 d5 2. Nc3 Nf6 3. Nf3 c6 4. Bg5 Bf5 5. e3 Nbd7 6. Bd3 e6 7. Bxf5 exf5 8. Qd3 h6 9. Bf4 Ne4 10. Nd2 g5 11. Bg3 Qf6 12. Ndxe4 fxe4 13. Qd2 Qe6 14. h4 g4 15. a3 Nb6 16. b3 Bg7 17. Ne2 Rc8 18. Nf4 Qf5 19. 0-0 0-0 20. Rac1 c5 21. dxc5 Rxc5 22. Ne2 Rfc8 23. Nd4 Qh5 24. Bd6 Rc3 25. Bg3 Bf6 26. Nb5 R3c5 27. Nd6 Bxh4 28. Bxh4 Qxh4 29. Nxc8 Rxc8 30. c4 Rd8 31. cxd5 Rxd5 32. Qc2 Rh5 33. f4 g3 34. Qc8+ Nxc8 35. Rxc8+ Kg7 0-1